Города по Фото — Ц - Statistics

General Stats
  • This quiz has been taken 18 times
  • The average score is 2 of 8
Answer Stats
Picture Hint Answer % Correct
Цюрих
93%
Цхинвал
36%
Страна: Черногория Цетине
36%
Цинциннати
29%
Циндао
7%
Цхалтубо
7%
Церматт
0%
Цфат
0%
No matching quizzes found
Score Distribution
Percent of People with Each Score
Percentile by Number Answered
Your Score History
You have not taken this quiz